Los túneles morados
-д хадгалсан:
| Үндсэн зохиолч: | |
|---|---|
| Формат: | Ном |
| Хэл сонгох: | испани |
| Хэвлэсэн: |
Santiago
Zig-Zag
1961
|
| Цуврал: | Biblioteca de Novelistas
|
| Нөхцлүүд: | |
| Шошгууд: |
Шошго нэмэх
Шошго байхгүй, Энэхүү баримтыг шошголох эхний хүн болох!
|
MARC
| LEADER | 00000nam a2200000 a 4500 | ||
|---|---|---|---|
| 001 | UCX2452 | ||
| 003 | CL-VaPUC | ||
| 008 | 910515e19610000CL |||||||||||||||||spa|d | ||
| 082 | 0 | 4 | |a Ch863 |b BEL |2 21 |
| 100 | 0 | |a Belmar, Daniel |e author |9 318383 | |
| 245 | 1 | 4 | |a Los túneles morados |
| 300 | |a 177 p | ||
| 942 | |c BK | ||
| 945 | |d 19910515 00:00:00 | ||
| 260 | |a Santiago |b Zig-Zag |c 1961 | ||
| 650 | 0 | |a Novelas chilenas |9 265425 | |
| 583 | |a last modification |c 19910515 00:00:00 |k Rodrigo Vera | ||
| 490 | 0 | |a Biblioteca de Novelistas | |
| 999 | |c 223469 |d 223467 | ||
| 952 | |0 0 |1 0 |4 0 |6 CH_863_000000000000000_BEL_1961 |7 0 |8 A |9 219269 |a BIBEDU |b BIBEDU |d 2019-11-15 |i 288044K |o Ch863 BEL 1961 |p 288044K |r 2019-11-15 |w 2019-11-15 |y BK |k LIT | ||
| 952 | |0 0 |1 0 |4 0 |6 CH_863_000000000000000_BEL_1961 |7 0 |8 A |9 219270 |a BIBEDU |b BIBEDU |d 2019-11-15 |i 3269787 |o Ch863 BEL 1961 |p 3269787 |r 2019-11-15 |w 2019-11-15 |y BK |k LIT | ||
| 952 | |0 0 |1 0 |4 0 |6 CH_863_000000000000000_BEL_1961 |7 0 |8 A |9 219271 |a BIBEDU |b BIBEDU |d 2019-11-15 |i 1444808 |o Ch863 BEL 1961 |p 1444808 |r 2019-11-15 |w 2019-11-15 |y BK |k LIT | ||